LEADER 02751nam 2200613Ia 450 001 9910449786103321 005 20200520144314.0 010 $a1-281-05580-8 010 $a9786611055806 010 $a0-08-047674-0 035 $a(CKB)1000000000001668 035 $a(EBL)294049 035 $a(OCoLC)778700442 035 $a(SSID)ssj0000278141 035 $a(PQKBManifestationID)11255516 035 $a(PQKBTitleCode)TC0000278141 035 $a(PQKBWorkID)10245911 035 $a(PQKB)11172554 035 $a(MiAaPQ)EBC294049 035 $a(Au-PeEL)EBL294049 035 $a(CaPaEBR)ebr10014632 035 $a(CaONFJC)MIL105580 035 $a(EXLCZ)991000000000001668 100 $a19991130d2002 uy 0 101 0 $aeng 135 $aur|n|---||||| 181 $ctxt 182 $cc 183 $acr 200 10$aConfiguring Cisco voice over IP$b[electronic resource] 205 $a2nd ed. 210 $aRockland $cSyngress Media$dc2002 215 $a1 online resource (577 p.) 300 $aIncludes index. 300 $aIncludes diagrams. 311 $a1-931836-64-7 327 $aCover; Table of Contents; Foreword; Introduction; Chapter 1 Introduction to Voice Over IP and Business Justifications; Chapter 2 Traditional Voice Telephony Principles; Chapter 3 VoIP Signaling and Voice Transport Protocols; Chapter 4 An Overview of Cisco's VoIP Components; Chapter 5 VoIP Configurations; Chapter 6 Configuring QoS for VoIP; Chapter 7 Testing and Troubleshooting VoIP; Chapter 8 Connecting PABXs with VoIP Scenarios; Chapter 9 Intra- and Interoffice VoIP Scenarios; Index; Related Titles 330 $aConfiguring Cisco Voice Over IP, Second Edition provides network administrators with a thorough understanding of Cisco's current voice solutions. This book is organized around the configuration of all of Cisco's core VoIP products, including Cisco CallManager software, Cisco 7910 series of phones, and server-based IP PBXs. In addition, AVVID coverage has been added.An update to a bestselling title in a growth market. Continued competitive pressure on ISPs to deliver VoIP will create strong demand information on topicVoice Over IP is expected to make great inroads in 2002. V 606 $aInternet 606 $aTelephone systems$xData processing 606 $aComputer network protocols 608 $aElectronic books. 615 0$aInternet. 615 0$aTelephone systems$xData processing. 615 0$aComputer network protocols. 676 $a004.678 700 $aFong$b Paul J$0986734 801 0$bMiAaPQ 801 1$bMiAaPQ 801 2$bMiAaPQ 906 $aBOOK 912 $a9910449786103321 996 $aConfiguring Cisco voice over IP$92255163 997 $aUNINA LEADER 04725nam 2200493 450 001 9910466765603321 005 20190826145055.0 010 $a90-04-37568-6 024 7 $a10.1163/9789004375680 035 $a(CKB)4100000005880270 035 $a(MiAaPQ)EBC5555041 035 $a(nllekb)BRILL9789004375680 035 $a(Au-PeEL)EBL5555041 035 $a(OCoLC)1048027052 035 $a(EXLCZ)994100000005880270 100 $a20181023d2018 uy 101 0 $ager 135 $aurcnu|||||||| 181 $ctxt$2rdacontent 182 $cc$2rdamedia 183 $acr$2rdacarrier 200 00$aDas Nichts und das Sein, $eBuddhistische Wissenstheorien und Transzendentalphilosophie 210 31$aLeiden, $aBoston: $cBrill, $d2018. 215 $a1 online resource (338 pages) 225 1 $aFichte-Studien ;$vBand 46 311 $a90-04-37567-8 327 $tFront Matter -- $tInhaltsverzeichnis /$rHelmut Girndt -- $tDas Nichts und das Sein: Buddhistische Wissenstheorie und Transzendentalphilosophie /$rHelmut Girndt -- $tGeleitwort /$rOmine Akira -- $tVorbemerkungen des Herausgebers /$rHelmut Girndt -- $tÜber abendländische Verständnisgrundlagen des mahayana-buddhistischen Denkens /$rLutz Geldsetzer -- $tSubjektivität und Transzendenz im Anattav?da /$rMartin Bunte -- $tDas Sein bei Fichte und die Leere im Mahayana-Buddhismus /$rOmine Akira -- $tFichtes Philosophie des Seins und N?g?rjunas Philosophie der Leere /$rHelmut Girndt -- $tDer präreflexive Grund des Bewusstseins: Eine transzendentalphilosophische Interpretation N?g?rjunas /$rFabian Völker -- $tFichte und Nishida: Das Absolute und das absolute Nichts /$rHitoshi Minobe -- $tAuf Nichts gebaut: Zum logischen Kern von Nishida Kitar?s Philosophie /$rRaji C. Steineck -- $tWissen und Leben im Selbstsein /$rKunihiko Nagasawa -- $tLeib und Handeln im Buddhismus: Erlösung durch Selbstgewahrung /$rKatsuki Hayashi -- $tDer Weg des Wissens, Vijñ?nav?da und die Transzendentalphilosophie Fichtes /$rHelmut Girndt -- $tBuddhistische Unbeständigkeitssicht und Nietzsches Nihilismus: Gemeinsamkeiten und Verschiedenheiten /$rKogaku Arifuku -- $tBeiträge zur theoretischen Philosophie /$rHelmut Girndt -- $tKnowing, Creating and Teaching: Fichte?s Conception of Philosophy as Wissenschaftslehre /$rLuis Fellipe Garcia -- $tReines und Absolutes Wissen in der Wissenschaftslehre 1804-II /$rValentin Pluder -- $tIst die theoretische Vernunft selbst eine Idee? Fichtes Umgang mit Kantischen Ideen um 1810 /$rMichael Lewin -- $tFichte über das Ich: Das Individuum und der überindividuelle Standpunkt in den Berliner Vorlesungen über die ?Thatsachen des Bewußtseyns? /$rJohannes Stoffers S.J. -- $tLag Henrich falsch? Eine Fichte-konforme Interpretation von Hölderlins ?Urteil und Sein? /$rSa?a Josifovi?. 330 $aDreißig Jahre kollegialer Beziehung zwischen der Japanischen und der Internationalen Fichte Gesellschaft haben im Band 46 der Fichte Studien ihren Ausdruck gefunden, einer Sammlung von Aufsätzen auf der Grundlage transzendentaler Philosophie (Kants, Fichtes und Husserls) und klassischer Texte des Mahayana Buddhismus (und der japanischen Kyoto Schule). Ohne unvereinbare Unterschiede zwischen westlichem und östlichem Denken zu leugnen, finden sie ihre Grundlage in prä-reflexiver Erkenntnis. Beitragende sind Kogaku Arifuko, Martin Bunte, Luis Fellipe Garcia, Lutz Geldsetzer, Helmut Girndt, Katsuki Hayashi, Sa?a Josifovi?, Michael Lewin, Hitoshi Minobe, Kunihiko Nagasawa, Akira Omine, Valentin Pluder, Raji C. Steineck, Johannes Stoffers und Fabian Völker. Thirty years of friendly connections between the Japanese Fichte Association and the International Fichte Society have found expression in volume 46 of Fichte Studien . It contains a collection of comparative studies between European and Japanese philosophy centered on transcendental philosophy (of Kant, Fichte and Husserl) and classical Mahayana Buddhism (plus Japan´s Kyoto school). Without denying irreconcilable differences between western and eastern thinking these essays demonstrate that western as well as eastern thinking is based on the universal ground of pre-reflexive cognition. 410 0$aFichte-Studien$v46. 606 $aTranscendentalism 606 $aKnowledge, Theory of (Buddhism) 606 $aMahayana Buddhism 608 $aElectronic books. 615 0$aTranscendentalism. 615 0$aKnowledge, Theory of (Buddhism) 615 0$aMahayana Buddhism. 676 $a141/.3 700 $aHelmut Girndt (Editor)$0984416 801 0$bNL-LeKB 801 1$bNL-LeKB 906 $aBOOK 912 $a9910466765603321 996 $aDas Nichts und das Sein$92248573 997 $aUNINA